[Event "Obert Figueres Miquel Mas 2012 Grupo B"]
[Site "Figueres ESP"]
[Date "2012.08.12"]
[Round "5.4"]
[White "Garriga Sanchez, Josep"]
[Black "Oberhofer, Peter"]
[Result "0-1"]
[WhiteElo "1833"]
[BlackElo "1915"]
[PlyCount "106"]
[EventDate "2012.08.09"]
[EventType "swiss"]
[EventRounds "9"]
[EventCountry "ESP"]
[Source "lmi"]
[SourceDate "2012.08.09"]

1. f4 d5 2. e3 Nf6 3. Nf3 g6 4. b3 Bg7 5. Bb2 c5 6. Bb5+ Nbd7 7. Ne5 O-O 8.
Nxd7 Bxd7 9. Bxd7 Qxd7 10. O-O Rac8 11. c3 c4 12. Na3 Ne4 13. Nc2 a5 14. Nd4
Bxd4 15. exd4 Qd6 16. d3 cxd3 17. Qxd3 Qc6 18. c4 Qa6 19. Ba3 Nd6 20. Bxd6 exd6
21. Rfc1 dxc4 22. Rxc4 d5 23. Rc3 Qxd3 24. Rxd3 Rc2 25. Re1 Rfc8 26. h3 Rxa2
27. Re7 Rc1+ 28. Kh2 Rcc2 29. Rg3 Rd2 30. Rxb7 Rxd4 31. f5 Kg7 32. fxg6 hxg6
33. Rf3 Rdd2 34. Rbxf7+ Kg8 35. Rf8+ Kg7 36. R3f7+ Kh6 37. Rh8+ Kg5 38. h4+ Kg4
39. Rg8 Rxg2+ 40. Kh1 Kh3 41. Rf3+ Rg3 42. Rxg3+ Kxg3 43. Rxg6+ Kxh4 44. Rd6
Rd2 45. Ra6 Kg3 46. Rg6+ Kf3 47. Ra6 Ra2 48. b4 a4 49. b5 Rb2 50. b6 d4 51.
Rxa4 Rxb6 52. Ra3+ Ke4 53. Kg2 Rf6 0-1

[Event "Obert Figueres Miquel Mas 2012 Grupo B"]
[Site "Figueres ESP"]
[Date "2012.08.12"]
[Round "5.5"]
[White "Puig Carres, Josep"]
[Black "Serra Canals, Oriol"]
[Result "0-1"]
[WhiteElo "1843"]
[BlackElo "1780"]
[PlyCount "70"]
[EventDate "2012.08.09"]
[EventType "swiss"]
[EventRounds "9"]
[EventCountry "ESP"]
[Source "lmi"]
[SourceDate "2012.08.09"]

1. c4 e6 2. Nf3 d5 3. Nc3 Nf6 4. cxd5 exd5 5. g3 Be7 6. Bg2 O-O 7. Qc2 c6 8. d4
Re8 9. O-O Nbd7 10. Re1 Nb6 11. b3 Bg4 12. Ne5 Bh5 13. Qf5 Nc8 14. Qd3 Bd6 15.
f4 Ne7 16. Bh3 Bxe5 17. fxe5 Bg6 18. Qf3 Ne4 19. Nxe4 Bxe4 20. Qf2 Ng6 21. Rf1
Qe7 22. a4 b6 23. Ba3 Qb7 24. Rac1 Nf8 25. Bd6 Ne6 26. Qe3 h6 27. Bxe6 Rxe6 28.
Rf2 f5 29. exf6 Rxd6 30. f7+ Kf8 31. Rcf1 Rc8 32. Qf4 Rd7 33. Qe5 Qc7 34. Qh5
Qd6 35. h4 Qxg3+ 0-1

[Event "Obert Figueres Miquel Mas 2012 Grupo B"]
[Site "Figueres ESP"]
[Date "2012.08.13"]
[Round "6.1"]
[White "Oberhofer, Peter"]
[Black "Ortega Lopez, Mikel"]
[Result "1/2-1/2"]
[WhiteElo "1915"]
[BlackElo "1922"]
[PlyCount "53"]
[EventDate "2012.08.09"]
[EventType "swiss"]
[EventRounds "9"]
[EventCountry "ESP"]
[Source "lmi"]
[SourceDate "2012.08.09"]

1. d4 Nf6 2. c4 e6 3. Nf3 Bb4+ 4. Bd2 Qe7 5. a3 Bxd2+ 6. Nbxd2 d5 7. g3 O-O 8.
Bg2 b6 9. O-O Bb7 10. Rc1 c6 11. Ne5 Rc8 12. e3 Nbd7 13. Ndf3 h6 14. Re1 c5 15.
Nxd7 Nxd7 16. Nh4 Nf6 17. dxc5 Rxc5 18. cxd5 Rxc1 19. Qxc1 Nxd5 20. Qd2 Rc8 21.
Rc1 Rxc1+ 22. Qxc1 Nf6 23. Qc4 Bxg2 24. Kxg2 Qd6 25. Qc8+ Kh7 26. Qc2+ Kg8 27.
Qc8+ 1/2-1/2

[Event "Obert Figueres Miquel Mas 2012 Grupo B"]
[Site "Figueres ESP"]
[Date "2012.08.13"]
[Round "6.2"]
[White "Patrucco, Carlo"]
[Black "Mogro Flores, Simon"]
[Result "0-1"]
[WhiteElo "1860"]
[BlackElo "1992"]
[PlyCount "72"]
[EventDate "2012.08.09"]
[EventType "swiss"]
[EventRounds "9"]
[EventCountry "ESP"]
[Source "lmi"]
[SourceDate "2012.08.09"]

1. e4 e6 2. d4 d5 3. Nc3 dxe4 4. Nxe4 Nf6 5. Nxf6+ Qxf6 6. Nf3 h6 7. Bd3 Bd6 8.
O-O O-O 9. Re1 Nd7 10. c4 c5 11. Be3 b6 12. Be4 Rb8 13. d5 exd5 14. Bxd5 Ne5
15. b3 Bg4 16. Qe2 Rbe8 17. Rad1 Re7 18. h3 Bh5 19. Qd2 Nxf3+ 20. Bxf3 Bxf3 21.
gxf3 Re6 22. Qd5 Qh4 23. Qf5 Rf6 24. Qg4 Rg6 25. Qxg6 fxg6 26. Rxd6 Rxf3 27.
Rxg6 Rxh3 28. Kf1 Rh1+ 29. Rg1 Rxg1+ 30. Kxg1 Qg4+ 31. Kh2 Qf3 32. Rg1 g5 33.
Rg3 Qe2 34. a3 g4 35. Bxh6 Qxf2+ 36. Rg2 Qh4+ 0-1

[Event "Obert Figueres Miquel Mas 2012 Grupo B"]
[Site "Figueres ESP"]
[Date "2012.08.13"]
[Round "6.3"]
[White "Castrillon Otero, Javier"]
[Black "Vilanova Olmedo, Ignasi"]
[Result "1-0"]
[WhiteElo "1889"]
[BlackElo "1781"]
[PlyCount "69"]
[EventDate "2012.08.09"]
[EventType "swiss"]
[EventRounds "9"]
[EventCountry "ESP"]
[Source "lmi"]
[SourceDate "2012.08.09"]

1. d4 Nf6 2. c4 e6 3. Nc3 b6 4. e4 Bb7 5. f3 d5 6. cxd5 exd5 7. e5 Nfd7 8. f4
c5 9. Nf3 Be7 10. Bd3 O-O 11. O-O cxd4 12. Nxd4 Nc5 13. Bc2 Nc6 14. Nf5 Nb4 15.
Bb1 Ba6 16. Rf3 Bb7 17. Rh3 g6 18. a3 d4 19. axb4 dxc3 20. Nxe7+ Qxe7 21. bxc5
Rfd8 22. Qe2 Qxc5+ 23. Be3 cxb2 24. Qxb2 Rd1+ 25. Kf2 Qc6 26. Rg3 Rad8 27. Rxa7
Qc4 28. Qe2 Qxe2+ 29. Kxe2 Rxb1 30. Rxb7 b5 31. Bd2 Rb2 32. Rd3 Ra8 33. Rdd7
Raa2 34. Rd8+ Kg7 35. e6 1-0

[Event "Obert Figueres Miquel Mas 2012 Grupo B"]
[Site "Figueres ESP"]
[Date "2012.08.13"]
[Round "6.4"]
[White "Serra Canals, Oriol"]
[Black "Ortega Lopez, Adrian"]
[Result "1-0"]
[WhiteElo "1780"]
[BlackElo "1840"]
[PlyCount "65"]
[EventDate "2012.08.09"]
[EventType "swiss"]
[EventRounds "9"]
[EventCountry "ESP"]
[Source "lmi"]
[SourceDate "2012.08.09"]

1. d4 d5 2. c4 e6 3. Nf3 c6 4. e3 f5 5. Be2 Nf6 6. O-O Bd6 7. b3 O-O 8. Ba3 Qe7
9. Bxd6 Qxd6 10. Ne5 Nbd7 11. Nxd7 Bxd7 12. Nd2 e5 13. cxd5 Nxd5 14. Nc4 Qh6
15. Nxe5 Be6 16. Bc4 Rad8 17. Qe2 f4 18. e4 Nc7 19. Rad1 Kh8 20. Rd3 Qg5 21.
Rfd1 Rd6 22. Bxe6 Nxe6 23. Qg4 Qxg4 24. Nxg4 Rfd8 25. d5 Nc7 26. Ne5 Kg8 27.
Nc4 R6d7 28. d6 Ne6 29. Ne5 Nc5 30. Rd4 Ne6 31. R4d2 Nc5 32. Nxd7 Nxe4 33. Ne5
1-0

[Event "Obert Figueres Miquel Mas 2012 Grupo B"]
[Site "Figueres ESP"]
[Date "2012.08.13"]
[Round "6.5"]
[White "Oliva Llorens, Antoni"]
[Black "Capallera Guirao, Ferran"]
[Result "1-0"]
[WhiteElo "1953"]
[BlackElo "1511"]
[PlyCount "55"]
[EventDate "2012.08.09"]
[EventType "swiss"]
[EventRounds "9"]
[EventCountry "ESP"]
[Source "lmi"]
[SourceDate "2012.08.09"]

1. e4 e5 2. Nf3 Nc6 3. d4 exd4 4. Nxd4 Nf6 5. Nxc6 bxc6 6. e5 Qe7 7. Qe2 Nd5 8.
c4 Nb6 9. Nc3 Qe6 10. f4 Bb7 11. Bd2 O-O-O 12. O-O-O Bc5 13. Ne4 Bd4 14. Bb4 c5
15. Bxc5 Bxc5 16. Nxc5 Qf5 17. Rd4 Bc6 18. g4 Qg6 19. Bg2 Rhe8 20. Be4 Qh6 21.
g5 Qh4 22. Qf3 d5 23. cxd5 Kb8 24. d6 cxd6 25. Na6+ Kc8 26. Bxc6 Re7 27. Bb7+
Rxb7 28. Qc6+ 1-0

[Event "Obert Figueres Miquel Mas 2012 Grupo B"]
[Site "Figueres ESP"]
[Date "2012.08.14"]
[Round "7.1"]
[White "Mogro Flores, Simon"]
[Black "Ortega Lopez, Mikel"]
[Result "1/2-1/2"]
[WhiteElo "1992"]
[BlackElo "1922"]
[PlyCount "107"]
[EventDate "2012.08.09"]
[EventType "swiss"]
[EventRounds "9"]
[EventCountry "ESP"]
[Source "lmi"]
[SourceDate "2012.08.09"]

1. e4 c5 2. Nf3 e6 3. d4 cxd4 4. Nxd4 a6 5. c4 Nf6 6. Bd3 Nc6 7. Nxc6 dxc6 8.
O-O e5 9. h3 Bc5 10. Qe2 O-O 11. Nd2 Qe7 12. Nb3 Nd7 13. Bd2 Rd8 14. Rad1 b6
15. Bc2 Bb7 16. Kh1 Bd6 17. Be3 Nc5 18. Nd2 Qc7 19. Nf3 Ne6 20. Ng5 Nxg5 21.
Bxg5 Be7 22. Bd2 Bd6 23. Qg4 Qd7 24. Qf3 Qe6 25. Rde1 Bc5 26. Bc1 Bd4 27. Kh2
Rd7 28. b3 Rad8 29. g4 Qf6 30. Qg3 c5 31. h4 Qe6 32. f4 exf4 33. Bxf4 Bf6 34.
Rf2 Bd4 35. Rfe2 f6 36. e5 fxe5 37. Bf5 Qf6 38. Bg5 Qd6 39. Bxd8 Rxd8 40. Be4
Bxe4 41. Rxe4 Rf8 42. R4e2 Qc6 43. Qg2 Qf6 44. Kh3 Bf2 45. Rxf2 Qxf2 46. Qxf2
Rxf2 47. Rxe5 Kf7 48. Rd5 Ke7 49. Rh5 h6 50. g5 hxg5 51. Rxg5 Kf7 52. Rd5 Ke7
53. Rg5 Kf7 54. Rd5 1/2-1/2

[Event "Obert Figueres Miquel Mas 2012 Grupo B"]
[Site "Figueres ESP"]
[Date "2012.08.14"]
[Round "7.2"]
[White "Serra Canals, Oriol"]
[Black "Castrillon Otero, Javier"]
[Result "0-1"]
[WhiteElo "1780"]
[BlackElo "1889"]
[PlyCount "116"]
[EventDate "2012.08.09"]
[EventType "swiss"]
[EventRounds "9"]
[EventCountry "ESP"]
[Source "lmi"]
[SourceDate "2012.08.09"]

1. d4 d5 2. c4 c6 3. Nc3 Nf6 4. e3 Bf5 5. Qb3 Qb6 6. Qxb6 axb6 7. cxd5 Nxd5 8.
Nxd5 cxd5 9. Bb5+ Nc6 10. Nf3 f6 11. Bd2 Bd7 12. Ke2 e6 13. a3 Bd6 14. Rac1 Na5
15. Bxd7+ Kxd7 16. Bc3 Nc4 17. Nd2 b5 18. Rhd1 Rhc8 19. Kd3 Ra6 20. Ra1 Rac6
21. Rdc1 e5 22. Nxc4 bxc4+ 23. Ke2 e4 24. g3 b5 25. Kd2 Ra6 26. Bb4 Rca8 27.
Rab1 Ra4 28. Kc3 g5 29. Rh1 Bxb4+ 30. axb4 Ke6 31. h3 R4a7 32. Rbg1 Kf5 33. Rf1
Kg6 34. Rfg1 h6 35. Rf1 f5 36. Rfg1 Rf7 37. Ra1 Raa7 38. Ra5 Rab7 39. Ra6+ Rf6
40. Rha1 Rbb6 41. Rxb6 Rxb6 42. Ra8 f4 43. gxf4 gxf4 44. exf4 Rf6 45. Rg8+ Kf7
46. Rg4 Ra6 47. f5 Ra1 48. Kd2 Rb1 49. Kc2 Rf1 50. Rf4 Kf6 51. f3 Rxf3 52. Rxf3
exf3 53. Kd2 Kxf5 54. Ke3 f2 55. Kxf2 Ke4 56. Ke2 Kxd4 57. Kd2 Ke4 58. Ke2 d4
0-1

[Event "Obert Figueres Miquel Mas 2012 Grupo B"]
[Site "Figueres ESP"]
[Date "2012.08.14"]
[Round "7.3"]
[White "Parayre Soguero, Jordi"]
[Black "Oliva Llorens, Antoni"]
[Result "1/2-1/2"]
[WhiteElo "1934"]
[BlackElo "1953"]
[PlyCount "74"]
[EventDate "2012.08.09"]
[EventType "swiss"]
[EventRounds "9"]
[EventCountry "ESP"]
[Source "lmi"]
[SourceDate "2012.08.09"]

1. d4 Nf6 2. c4 e6 3. Nf3 b6 4. a3 Bb7 5. Nc3 Be7 6. Bf4 d6 7. h3 Nbd7 8. e3 a6
9. Bd3 c5 10. O-O O-O 11. Qe2 Qc7 12. Bh2 Rfe8 13. Rfd1 Rad8 14. Ng5 h6 15.
Nge4 Nxe4 16. Bxe4 Nf6 17. Bxb7 Qxb7 18. Rd3 d5 19. dxc5 Bxc5 20. b4 Be7 21.
cxd5 Nxd5 22. Nxd5 Rxd5 23. Rxd5 exd5 24. Rc1 Rc8 25. Qd2 Rxc1+ 26. Qxc1 b5 27.
Be5 Qd7 28. Qc3 f6 29. Bd4 Bd6 30. Kf1 Qc7 31. Qxc7 Bxc7 32. Ke2 Kf7 33. Kd3 h5
34. g4 hxg4 35. hxg4 g6 36. f3 Ke6 37. e4 dxe4+ 1/2-1/2

[Event "Obert Figueres Miquel Mas 2012 Grupo B"]
[Site "Figueres ESP"]
[Date "2012.08.14"]
[Round "7.4"]
[White "Guzman Maglaya, Noli"]
[Black "Oberhofer, Peter"]
[Result "0-1"]
[WhiteElo "1966"]
[BlackElo "1915"]
[PlyCount "92"]
[EventDate "2012.08.09"]
[EventType "swiss"]
[EventRounds "9"]
[EventCountry "ESP"]
[Source "lmi"]
[SourceDate "2012.08.09"]

1. Nf3 g6 2. e4 c5 3. c3 d6 4. Bb5+ Nc6 5. O-O a6 6. Bc4 Bg7 7. d4 cxd4 8. cxd4
Nf6 9. Nc3 b5 10. Bd3 Bg4 11. Be3 Nd7 12. Be2 Nb6 13. h3 Bd7 14. Qd2 Na5 15. b3
b4 16. Nd1 Nc6 17. Rc1 a5 18. Nb2 O-O 19. Bh6 Na7 20. Bxg7 Kxg7 21. d5 Nb5 22.
Bxb5 Bxb5 23. Qd4+ Kg8 24. Rfe1 Nd7 25. Nd1 Qb6 26. Qd2 Kg7 27. Ne3 Rae8 28.
Ng4 f6 29. Nd4 Nc5 30. Rxc5 dxc5 31. Ne6+ Kh8 32. Nxf8 Rxf8 33. e5 f5 34. Ne3
Rd8 35. Rd1 Qa6 36. f4 c4 37. Qd4 c3 38. Nc4 Bxc4 39. bxc4 e6 40. d6 Qc6 41.
Kf2 Qa4 42. Kg3 c2 43. Rc1 Qa3+ 44. Kh4 Qxc1 45. g3 Qd1 46. Kg5 Qxd4 0-1

[Event "Obert Figueres Miquel Mas 2012 Grupo B"]
[Site "Figueres ESP"]
[Date "2012.08.14"]
[Round "7.5"]
[White "Massip Grovas, Ramon"]
[Black "Claret, Franck"]
[Result "0-1"]
[WhiteElo "1819"]
[BlackElo "1926"]
[PlyCount "82"]
[EventDate "2012.08.09"]
[EventType "swiss"]
[EventRounds "9"]
[EventCountry "ESP"]
[Source "lmi"]
[SourceDate "2012.08.09"]

1. e4 c5 2. Nf3 d6 3. d4 cxd4 4. Nxd4 Nf6 5. Bd3 g6 6. O-O Bg7 7. c3 O-O 8. f3
Nc6 9. Be3 a6 10. Nd2 Ne5 11. Nc4 Nfd7 12. Nxe5 Nxe5 13. Be2 b5 14. Qb3 Bd7 15.
Kh1 Qc7 16. f4 Nc4 17. Bxc4 bxc4 18. Qc2 Rab8 19. Rf2 f5 20. Rd1 fxe4 21. Qxe4
Bf5 22. Nxf5 Rxf5 23. Qe6+ Kf8 24. g4 Rf6 25. Qe4 Qb7 26. Qxb7 Rxb7 27. Rd4 e5
28. fxe5 Rxf2 29. Bxf2 Bxe5 30. Rd2 Bf4 31. Rc2 Kf7 32. Kg2 Ke6 33. h3 Kd5 34.
Kf3 Rf7 35. Bg3 Be5+ 36. Kg2 Ke4 37. Bxe5 Kd3 38. Rf2 Rxf2+ 39. Kxf2 dxe5 40.
b3 cxb3 41. axb3 Kxc3 0-1

[Event "Obert Figueres Miquel Mas 2012 Grupo B"]
[Site "Figueres ESP"]
[Date "2012.08.15"]
[Round "8.1"]
[White "Castrillon Otero, Javier"]
[Black "Mogro Flores, Simon"]
[Result "0-1"]
[WhiteElo "1889"]
[BlackElo "1992"]
[PlyCount "124"]
[EventDate "2012.08.09"]
[EventType "swiss"]
[EventRounds "9"]
[EventCountry "ESP"]
[Source "lmi"]
[SourceDate "2012.08.09"]

1. d4 Nf6 2. Nf3 g6 3. c4 Bg7 4. Nc3 d5 5. Bg5 c6 6. e3 O-O 7. Qb3 dxc4 8. Bxc4
Nbd7 9. O-O Qb6 10. Rad1 e6 11. Rfe1 Nd5 12. Ne4 h6 13. Bh4 g5 14. Bg3 N7f6 15.
Nc5 Nh5 16. Be5 f6 17. Bd6 Rd8 18. Bxd5 exd5 19. Qxb6 axb6 20. Bc7 Re8 21. Bxb6
Rxa2 22. b3 Bf8 23. Ra1 Rb2 24. Reb1 Rxb1+ 25. Rxb1 Bf5 26. Ra1 Bxc5 27. Bxc5
Bd3 28. Ne1 Ba6 29. h4 Kf7 30. Nc2 Rd8 31. Nb4 Bb5 32. Ra7 Rd7 33. Ra8 Ng7 34.
Na2 Ne6 35. Bb6 f5 36. hxg5 hxg5 37. Nc3 Bd3 38. Na4 f4 39. Rh8 fxe3 40. fxe3
Bc2 41. Rh6 Re7 42. Bc5 Re8 43. Nb6 Nxc5 44. dxc5 Rxe3 45. b4 Rb3 46. Rd6 Bf5
47. Rd8 Rxb4 48. Rb8 Rb5 49. Rxb7+ Kg6 50. Kf2 Rxc5 51. Na4 Ra5 52. Nb2 Ra2 53.
Rb6 Kh5 54. Ke3 c5 55. Rb5 Be4 56. g3 Ra3+ 57. Kf2 Rf3+ 58. Ke2 Rxg3 59. Nd1
Bd3+ 60. Kf2 Bxb5 61. Kxg3 d4 62. Kf3 Bc6+ 0-1

[Event "Obert Figueres Miquel Mas 2012 Grupo B"]
[Site "Figueres ESP"]
[Date "2012.08.15"]
[Round "8.2"]
[White "Ortega Lopez, Mikel"]
[Black "Parayre Soguero, Jordi"]
[Result "1/2-1/2"]
[WhiteElo "1922"]
[BlackElo "1934"]
[PlyCount "112"]
[EventDate "2012.08.09"]
[EventType "swiss"]
[EventRounds "9"]
[EventCountry "ESP"]
[Source "lmi"]
[SourceDate "2012.08.09"]

1. e4 c6 2. d4 d5 3. exd5 cxd5 4. c4 Nf6 5. Nc3 Nc6 6. Nf3 Bg4 7. cxd5 Nxd5 8.
Qb3 Bxf3 9. gxf3 e6 10. Qxb7 Nxd4 11. Bb5+ Nxb5 12. Qc6+ Ke7 13. Qxb5 Qd7 14.
Qb3 Nxc3 15. bxc3 Qd5 16. c4 Qe5+ 17. Kf1 Rb8 18. Qa3+ Kf6 19. Qe3 Bc5 20.
Qxe5+ Kxe5 21. Be3 Bxe3 22. fxe3 Rb2 23. Rg1 Rxh2 24. Rxg7 Kf6 25. Rg2 Rxg2 26.
Kxg2 Rd8 27. Rb1 Rd2+ 28. Kg3 Rxa2 29. Rb7 a5 30. Ra7 Rc2 31. Rxa5 Rxc4 32. Rb5
Kg6 33. Ra5 Rc1 34. Kf4 Rc4+ 35. Kg3 h5 36. e4 Rc3 37. Kf4 f6 38. Ra8 e5+ 39.
Kg3 Rc7 40. Kh4 Rc1 41. Rg8+ Kh7 42. Rg2 Rh1+ 43. Kg3 Kh6 44. f4 h4+ 45. Kg4 h3
46. Rg3 exf4 47. Kxf4 Kh5 48. Kf3 Rf1+ 49. Ke2 Rh1 50. Kf3 Rh2 51. Rg8 Ra2 52.
Rh8+ Kg5 53. Rg8+ Kh6 54. Rh8+ Kg5 55. Rg8+ Kh6 56. Rh8+ Kg5 1/2-1/2

[Event "Obert Figueres Miquel Mas 2012 Grupo B"]
[Site "Figueres ESP"]
[Date "2012.08.15"]
[Round "8.3"]
[White "Oberhofer, Peter"]
[Black "Vilanova Olmedo, Ignasi"]
[Result "0-1"]
[WhiteElo "1915"]
[BlackElo "1781"]
[PlyCount "94"]
[EventDate "2012.08.09"]
[EventType "swiss"]
[EventRounds "9"]
[EventCountry "ESP"]
[Source "lmi"]
[SourceDate "2012.08.09"]

1. d4 Nf6 2. c4 e6 3. Nf3 b6 4. g3 Ba6 5. Bg2 Bxc4 6. O-O d5 7. b3 Ba6 8. Qc2
Be7 9. Ne5 Bb7 10. Bf4 O-O 11. Nd2 c5 12. Ndf3 Nbd7 13. e3 Rc8 14. Qb2 Ne4 15.
h4 h6 16. h5 Nef6 17. g4 Nxe5 18. Nxe5 Nd7 19. Kh2 Nxe5 20. Bxe5 Bf6 21. Bg3
cxd4 22. exd4 b5 23. Rac1 Qb6 24. Be5 Bxe5+ 25. dxe5 b4 26. Qd2 Ba6 27. Rg1
Rxc1 28. Rxc1 Rc8 29. Rxc8+ Bxc8 30. g5 Qd8 31. f4 hxg5 32. fxg5 d4 33. Qxb4 d3
34. Qd6 Qxg5 35. Qxd3 Qxe5+ 36. Kg1 Qc5+ 37. Kf1 Qf5+ 38. Qxf5 exf5 39. Ke2 Be6
40. Kd3 g5 41. hxg6 fxg6 42. Kc3 g5 43. a4 g4 44. b4 f4 45. b5 f3 46. Bh1 Bd5
47. Kd4 g3 0-1

[Event "Obert Figueres Miquel Mas 2012 Grupo B"]
[Site "Figueres ESP"]
[Date "2012.08.15"]
[Round "8.4"]
[White "Oliva Llorens, Antoni"]
[Black "Serra Canals, Oriol"]
[Result "1-0"]
[WhiteElo "1953"]
[BlackElo "1780"]
[PlyCount "49"]
[EventDate "2012.08.09"]
[EventType "swiss"]
[EventRounds "9"]
[EventCountry "ESP"]
[Source "lmi"]
[SourceDate "2012.08.09"]

1. e4 e5 2. Nf3 Nc6 3. d4 exd4 4. Nxd4 Nf6 5. Nxc6 bxc6 6. Bd3 Bc5 7. Qe2 O-O
8. Be3 Bxe3 9. Qxe3 d5 10. O-O Re8 11. f3 dxe4 12. fxe4 Re6 13. Nc3 Ng4 14. Qg3
Rg6 15. Ne2 Nh6 16. Qe3 Qh4 17. Qf2 Qg4 18. Nf4 Rg5 19. Rae1 Bb7 20. h3 Qd7 21.
e5 Nf5 22. e6 Qd4 23. exf7+ Kxf7 24. Qxd4 Nxd4 25. Ne6+ 1-0

[Event "Obert Figueres Miquel Mas 2012 Grupo B"]
[Site "Figueres ESP"]
[Date "2012.08.15"]
[Round "8.5"]
[White "Claret, Franck"]
[Black "Garriga Sanchez, Josep"]
[Result "1-0"]
[WhiteElo "1926"]
[BlackElo "1833"]
[PlyCount "117"]
[EventDate "2012.08.09"]
[EventType "swiss"]
[EventRounds "9"]
[EventCountry "ESP"]
[Source "lmi"]
[SourceDate "2012.08.09"]

1. Nf3 c5 2. c4 e6 3. g3 d5 4. cxd5 exd5 5. d4 Nc6 6. Bg2 c4 7. O-O g6 8. Re1
f5 9. Ne5 Bg7 10. Nxc6 bxc6 11. b3 cxb3 12. axb3 Ne7 13. Ba3 O-O 14. Bc5 Qc7
15. Qc2 Re8 16. Rc1 Bd7 17. Bxe7 Rxe7 18. Bxd5+ Kh8 19. e3 Qd6 20. Bxc6 Rc8 21.
Ra6 Be6 22. Qc5 Qd8 23. b4 Rcc7 24. Nd2 Bc8 25. Ra3 Bb7 26. b5 a6 27. Rac3 axb5
28. Qxb5 Bxc6 29. Rxc6 Rxc6 30. Qxc6 Re8 31. Nf3 Qe7 32. d5 Rd8 33. Qe6 Qb7 34.
Ng5 Rf8 35. Qc6 Qe7 36. Ne6 Re8 37. Qc7 h6 38. Qxe7 Rxe7 39. Rc7 Bf6 40. Rxe7
Bxe7 41. f3 Kg8 42. e4 Kf7 43. Kf2 Kf6 44. Ke3 Ke5 45. f4+ Kd6 46. Kd4 fxe4 47.
Kxe4 Bf6 48. Nf8 g5 49. Nh7 Bd8 50. fxg5 hxg5 51. Kf5 Kxd5 52. Nxg5 Bc7 53. Nf3
Kd6 54. g4 Ke7 55. Kg6 Kf8 56. h4 Kg8 57. h5 Ba5 58. h6 Bc3 59. h7+ 1-0

[Event "Obert Figueres Miquel Mas 2012 Grupo B"]
[Site "Figueres ESP"]
[Date "2012.08.16"]
[Round "9.1"]
[White "Mogro Flores, Simon"]
[Black "Claret, Franck"]
[Result "1-0"]
[WhiteElo "1992"]
[BlackElo "1926"]
[PlyCount "77"]
[EventDate "2012.08.09"]
[EventType "swiss"]
[EventRounds "9"]
[EventCountry "ESP"]
[Source "lmi"]
[SourceDate "2012.08.09"]

1. e4 c5 2. Nf3 d6 3. d4 cxd4 4. Bb5+ Bd7 5. Nxd4 a6 6. Bxd7+ Qxd7 7. O-O g6 8.
Nc3 Bg7 9. Nd5 Qd8 10. Be3 Nd7 11. c3 Ngf6 12. f3 O-O 13. Qd2 Ne5 14. Nxf6+
Bxf6 15. b3 b5 16. Rac1 Rc8 17. h3 Bg7 18. f4 Nd7 19. Rfe1 Nc5 20. Qc2 Ne6 21.
Ne2 Qa5 22. f5 Nc5 23. b4 Qc7 24. bxc5 dxc5 25. Rcd1 b4 26. cxb4 cxb4 27. Qa4
a5 28. Nf4 Qe5 29. Nd5 Qxe4 30. Bf2 Qc2 31. Qxa5 Ra8 32. Qxb4 Rxa2 33. Qh4 Rb8
34. Nxe7+ Kf8 35. Rd8+ Rxd8 36. Nxg6+ fxg6 37. Qxd8+ Kf7 38. Qe8+ Kf6 39. Bh4+
1-0

[Event "Obert Figueres Miquel Mas 2012 Grupo B"]
[Site "Figueres ESP"]
[Date "2012.08.16"]
[Round "9.2"]
[White "Vilanova Olmedo, Ignasi"]
[Black "Ortega Lopez, Mikel"]
[Result "0-1"]
[WhiteElo "1781"]
[BlackElo "1922"]
[PlyCount "72"]
[EventDate "2012.08.09"]
[EventType "swiss"]
[EventRounds "9"]
[EventCountry "ESP"]
[Source "lmi"]
[SourceDate "2012.08.09"]

1. e4 c5 2. Nf3 e6 3. d4 cxd4 4. Nxd4 a6 5. c4 Nf6 6. Nc3 Bb4 7. Bd3 Nc6 8.
Nde2 O-O 9. O-O Qc7 10. Kh1 Ne5 11. Bf4 d6 12. Bxe5 dxe5 13. a3 Bc5 14. b4 Bd4
15. Rc1 Rd8 16. h3 Qd7 17. Qc2 Nh5 18. Rcd1 Qe7 19. Na4 Bd7 20. Nxd4 Bxa4 21.
Qxa4 exd4 22. e5 Qg5 23. Qc2 g6 24. Rfe1 Rd7 25. Qd2 Qxd2 26. Rxd2 Rc8 27. g3
Ng7 28. Red1 Ne8 29. Kg2 a5 30. c5 axb4 31. axb4 Nc7 32. Be4 Nb5 33. Bxb7 Rxb7
34. Rc1 Rc6 35. Rb1 Ra7 36. Rd3 Ra4 0-1

[Event "Obert Figueres Miquel Mas 2012 Grupo B"]
[Site "Figueres ESP"]
[Date "2012.08.16"]
[Round "9.3"]
[White "Castrillon Otero, Javier"]
[Black "Oliva Llorens, Antoni"]
[Result "1-0"]
[WhiteElo "1889"]
[BlackElo "1953"]
[PlyCount "85"]
[EventDate "2012.08.09"]
[EventType "swiss"]
[EventRounds "9"]
[EventCountry "ESP"]
[Source "lmi"]
[SourceDate "2012.08.09"]

1. d4 Nf6 2. c4 e6 3. Nc3 Bb4 4. f3 c5 5. a3 Bxc3+ 6. bxc3 cxd4 7. cxd4 O-O 8.
e4 d6 9. Be3 b6 10. Bd3 Nbd7 11. Ne2 e5 12. Rc1 Qe7 13. O-O Bb7 14. Qb3 Rfc8
15. Rc2 Rc7 16. Rd1 Rac8 17. Qa2 Ba6 18. a4 h6 19. Ng3 exd4 20. Nf5 Qf8 21. Bf4
Ne5 22. Be2 d3 23. Bxd3 Nxd3 24. Rxd3 Rxc4 25. Rxc4 Bxc4 26. Rc3 Bxa2 27. Rxc8
Ne8 28. Bxd6 Nxd6 29. Ne7+ Kh7 30. Rxf8 Bb3 31. Rd8 Nb7 32. Rd7 Nc5 33. Rxa7
Bxa4 34. Nd5 b5 35. Rxf7 Kg6 36. Rc7 Nd3 37. h3 Bd1 38. Nc3 Ba4 39. Nxa4 bxa4
40. Ra7 Nb2 41. Kf2 Kf6 42. Ra5 g5 43. Kg3 1-0

[Event "Obert Figueres Miquel Mas 2012 Grupo B"]
[Site "Figueres ESP"]
[Date "2012.08.16"]
[Round "9.4"]
[White "Parayre Soguero, Jordi"]
[Black "Oberhofer, Peter"]
[Result "1-0"]
[WhiteElo "1934"]
[BlackElo "1915"]
[PlyCount "97"]
[EventDate "2012.08.09"]
[EventType "swiss"]
[EventRounds "9"]
[EventCountry "ESP"]
[Source "lmi"]
[SourceDate "2012.08.09"]

1. d4 Nf6 2. Nf3 g6 3. c4 Bg7 4. Nc3 d5 5. Bf4 O-O 6. Rc1 Bg4 7. Qb3 Nbd7 8.
cxd5 Nh5 9. Be5 Nxe5 10. Nxe5 Bc8 11. e3 e6 12. Bc4 exd5 13. Bxd5 Bxe5 14. dxe5
c6 15. Bc4 Qe7 16. O-O Qxe5 17. Rfd1 Qg5 18. Ne4 Qe7 19. Nd6 Be6 20. Qxb7 Qxb7
21. Nxb7 Rab8 22. Bxe6 Rxb7 23. Bb3 Rc8 24. Rd6 c5 25. g4 Ng7 26. Rcd1 Ne8 27.
Rd7 Rxd7 28. Rxd7 c4 29. Ba4 Nf6 30. Rd4 c3 31. bxc3 Rxc3 32. g5 Nh5 33. Rd8+
Kg7 34. Rd7 Rc5 35. h4 a5 36. Bb3 Rf5 37. Kg2 Kf8 38. f4 Ke8 39. Ra7 Kf8 40. a4
Ke8 41. Bc4 Kf8 42. Bb5 Rc5 43. Rxa5 Rc2+ 44. Kf3 Rh2 45. Ra8+ Ke7 46. a5 Rh3+
47. Ke4 Ng3+ 48. Ke5 Nf5 49. Re8# 1-0

[Event "Obert Figueres Miquel Mas 2012 Grupo B"]
[Site "Figueres ESP"]
[Date "2012.08.16"]
[Round "9.5"]
[White "Guzman Maglaya, Noli"]
[Black "Molina Carretero, Daniel"]
[Result "1-0"]
[WhiteElo "1966"]
[BlackElo "1421"]
[PlyCount "63"]
[EventDate "2012.08.09"]
[EventType "swiss"]
[EventRounds "9"]
[EventCountry "ESP"]
[Source "lmi"]
[SourceDate "2012.08.09"]

1. d4 d5 2. c4 c6 3. Nc3 Nf6 4. f3 Nbd7 5. e4 e6 6. e5 Ng8 7. Be3 dxc4 8. Bxc4
b5 9. Bd3 Bb7 10. Be4 a6 11. Nge2 f5 12. Bc2 Bb4 13. Bb3 Qe7 14. Nf4 Nf8 15.
O-O g5 16. Nd3 f4 17. Bf2 Bxc3 18. bxc3 h5 19. Nc5 Nh6 20. Qd2 Rd8 21. Qc2 Nf5
22. Nxb7 Qxb7 23. Bxe6 Nxd4 24. cxd4 Nxe6 25. Rfd1 Kd7 26. Rac1 Rdg8 27. Qe4
Qa8 28. d5 cxd5 29. Rxd5+ Ke7 30. Qb4+ Kf7 31. Rd7+ Kg6 32. Qe7 1-0